Welcome to CU Library Online Public Access Catalogue (OPAC)

Principles & applications of inorganic, organic & biological chemistry / (Record no. 1856)

MARC details
000 -LEADER
fixed length control field 00758nam a2200229 a 4500
001 - CONTROL NUMBER
control field 3528449
005 - DATE AND TIME OF LATEST TRANSACTION
control field 20241130133503.0
008 - FIXED-LENGTH DATA ELEMENTS--GENERAL INFORMATION
fixed length control field 961030s1997 iaua 001 0 eng
020 ## - INTERNATIONAL STANDARD BOOK NUMBER
International Standard Book Number 9780697250032
050 00 - LIBRARY OF CONGRESS CALL NUMBER
Classification number QD33
Item number .C258 1997
082 00 - DEWEY DECIMAL CLASSIFICATION NUMBER
Classification number 540
Edition information 21
100 1# - MAIN ENTRY--PERSONAL NAME
Personal name Caret, Robert L.,
Dates associated with a name 1947-
245 10 - TITLE STATEMENT
Title Principles & applications of inorganic, organic & biological chemistry /
Statement of responsibility, etc. Robert L. Caret, Katherine J. Denniston, Joseph J. Topping.
250 ## - EDITION STATEMENT
Edition statement 2nd ed.
260 ## - PUBLICATION, DISTRIBUTION, ETC.
Place of publication, distribution, etc. Dubuque, IA :
Name of publisher, distributor, etc. Wm. C. Brown Publishers,
Date of publication, distribution, etc. c1997.
300 ## - PHYSICAL DESCRIPTION
Extent xiv, 711 p. :
Other physical details ill. (some col.) ;
Dimensions 29 cm.
500 ## - GENERAL NOTE
General note Includes index.
650 #0 - SUBJECT ADDED ENTRY--TOPICAL TERM
Topical term or geographic name entry element Chemistry.
700 1# - ADDED ENTRY--PERSONAL NAME
Personal name Denniston, K. J.
Fuller form of name (Katherine J.)
700 1# - ADDED ENTRY--PERSONAL NAME
Personal name Topping, Joseph J.
942 ## - ADDED ENTRY ELEMENTS (KOHA)
Source of classification or shelving scheme Library of Congress Classification
Koha item type Books
Edition 2nd ed.
Suppress in OPAC No
999 ## -
-- 1856
-- 1856
Holdings
Withdrawn status Lost status Source of classification or shelving scheme Damaged status Not for loan Collection Home library Current library Shelving location Date acquired Total checkouts Full call number Barcode Date last seen Copy number Price effective from Koha item type
    Library of Congress Classification     Non-fiction Science Library (Miotso) Science Library (Miotso) General stacks 11/30/2024   QD253 .C27 CAR SLM00001074 11/30/2024 1 11/30/2024 Books
    Library of Congress Classification     Non-fiction Science Library (Miotso) Science Library (Miotso) General stacks 11/30/2024   QD253 .C27 CAR SLM00001075 11/30/2024 2 11/30/2024 Books
© 2023-2024 Copyright: Central University Libraries. All Rights Reserved | Created by: Mahone Tech Office